01571 a2200181 4500003000500000005001700005040000900022082001500031100002800046245006100074260002900135300001000164505101700174650002901191942002401220999001901244952012601263Nust20230209124424.0 cNust a954.04,JAW aNehru, Jawaharlal91499 aJawahralal Nehru: An Autobiography / cJawahralal Nehru aLondonbLowe And Brydone a622:p aDescent From Kashmir (Page-1), Childhood (Page-6), Theosophy (Page-12), Harrow and Cambridge (Page-17), My Wedding and an Adventure in the Himalayas (Page-37), I am Externed and the Consequences Thereof (Page-48), Non-Co-Operation (Page-63), Luck now District Gaol (Page-90), An Interlude at Nabha (Page-109), Communalism Rampant (Page-134), In Europe (Page-148), Controversies in India (Page-156), The Oppressed Meet at Brussels (Page-161), Return to India and Plunge Back Into Politics (Page-166), Trade Union Congress (Page-182), In Naini Prison (Page-217), Death of my Father (Page-245), The Delhi Pact (Page-249), The End of the Truce (Page-313), Prison Hum ours (Page-346), What is Religion ? (Page-370), The Liberal Outlook (Page-409), Dominion Status and Independence (Page-416), India old and New (Page-426), The Record of British Rule (Page-433), Impasse (Page-473), Desolation (Page-504), Dehra Gaol Again (Page-553), Back to Prison (Page-566), Some Recent Happenings (Page-573), Epilogue (Page-595). aJawahralal Nehru9108779 2ddccBKk954.04,JAW c187405d187405 00102ddc4070aMCSbMCScGENd2016-12-12o954.04,JAWpMCS29261r2016-12-08w2016-12-12yBKzAlmirah No. 61, Shelf No. 5